| Tag |
First Indicator |
Second Indicator |
Subfields |
| LEADER |
00000cam a22000008a 4500 |
| 001 |
in00000017731 |
| 005 |
20151007053506.0 |
| 008 |
871224s1988 maua b 00100 eng |
| 010 |
|
|
|a 87037416
|
| 020 |
|
|
|a 0887301584
|
| 035 |
|
|
|a (OCoLC)17324311
|
| 035 |
|
|
|9 AAB1847AM
|
| 040 |
|
|
|a DLC
|c DLC
|d TXA
|d UtOrBLW
|
| 043 |
|
|
|a n-us---
|
| 049 |
|
|
|a TXAM
|c [A11100569]
|
| 050 |
0 |
0 |
|a HD5710.75.U6
|b D96 1988
|
| 082 |
0 |
|
|a 331.12
|2 19
|
| 245 |
0 |
4 |
|a The Dynamics of trade and employment /
|c edited by Laura D'Andrea Tyson, William T. Dickens, John Zysman.
|
| 263 |
|
|
|a 8802
|
| 264 |
|
1 |
|a Cambridge, Mass. :
|b Ballinger Pub. Co.,
|c [1988]
|
| 264 |
|
4 |
|c ©1988
|
| 300 |
|
|
|a xiii, 282 pages :
|b illustrations
|
| 336 |
|
|
|a text
|b txt
|2 rdacontent
|
| 337 |
|
|
|a unmediated
|b n
|2 rdamedia
|
| 338 |
|
|
|a volume
|b nc
|2 rdacarrier
|
| 504 |
|
|
|a Includes bibliographies and index.
|
| 650 |
|
0 |
|a Foreign trade and employment
|z United States
|x Case studies.
|
| 650 |
|
0 |
|a Clothing trade
|z United States
|x Case studies.
|
| 650 |
|
0 |
|a Automobile industry and trade
|z United States
|x Case studies.
|
| 650 |
|
0 |
|a Semiconductor industry
|z United States
|x Case studies.
|
| 650 |
|
0 |
|a Telecommunication equipment industry
|z United States
|x Case studies.
|
| 700 |
1 |
|
|a Tyson, Laura D'Andrea,
|d 1947-
|
| 700 |
1 |
|
|a Dickens, William.
|
| 700 |
1 |
|
|a Zysman, John.
|
| 999 |
|
|
|a MARS
|
| 999 |
f |
f |
|s a30dfc86-5e55-3ef0-9931-974ecd6c1a3a
|i 223b763c-e15c-3f3b-8ae9-d2303760e68c
|t 0
|
| 952 |
f |
f |
|p ric
|a Texas A&M University
|b Rellis Campus
|c Joint Library Facility
|d Remote Storage
|t 0
|e HD5710.75.U6 D96 1988
|h Library of Congress classification
|i unmediated -- volume
|m A14811100569
|
| 998 |
f |
f |
|a HD5710.75.U6 D96 1988
|t 0
|l Remote Storage
|